00491nam a2200181Ia 4500003000400000005001700004008004100021020001500062040000900077082002000086100002100106245005700127250001200184260004300196300000900239942004600248999001500294OSt20200116102008.0190216s9999||||xx |||||||||||||| ||und|| a8127210579 coclc a658.1511bSHA/M aSharma, R K9376 0aManagement Accounting /cR K Sharma ; Shashi K Gupta a3rd ed. bKalyani Publishers,c2003.aNew Delhi: a699p cBK2ddch658.1511iSHA/Mk658.1511mSHA/M c6699d6699